Víctor Fernández Llera / (Record no. 62751)

MARC details
000 -LEADER
campo de control de longitud fija 00708nam a2200205 i 4500
001 - NÚMERO DE CONTROL
campo de control 62751
003 - IDENTIFICADOR DE NÚMERO DE CONTROL
campo de control ES-MaACL
005 - FECHA Y HORA DE LA ÚLTIMA TRANSACCIÓN
campo de control 20230906164725.0
007 - CAMPO FIJO DE DESCRIPCIÓN FÍSICA--INFORMACIÓN GENERAL
campo de control de longitud fija t|
008 - DATOS DE LONGITUD FIJA--INFORMACIÓN GENERAL
campo de control de longitud fija 031125s1950 sp ||||1| spa d
100 1# - ENTRADA PRINCIPAL--NOMBRE DE PERSONA
Nombre de persona Fernández Llera, Víctor.
9 (RLIN) 49878
245 10 - MENCIÓN DEL TÍTULO
Título Víctor Fernández Llera /
Mención de responsabilidad, etc. selección y estudio de Javier Cruzado.
260 ## - PUBLICACIÓN, DISTRIBUCIÓN, ETC.
Lugar de publicación, distribución, etc. [S.l. :
Nombre del editor, distribuidor, etc. s.n.,
Fecha de publicación, distribución, etc. 1950] (
Lugar de fabricación/manufactura Santander :
Fabricante Imp. Libreria Moderna)
300 ## - DESCRIPCIÓN FÍSICA
Extensión XCI, 77 p. ;
Dimensiones 18 cm.
490 1# - MENCIÓN DE SERIE
Mención de serie Antología de escritores y artistas montañeses ;
Designación de volumen o secuencia 11
700 1# - ENTRADA AGREGADA--NOMBRE PERSONAL
Nombre de persona Cruzado, Javier.
9 (RLIN) 41865
830 0# - PUNTO DE ACCESO ADICIONAL DE SERIE-TÍTULO UNIFORME
Título uniforme Antología de escritores y artistas montañeses ;
Designación de volumen o secuencia 11
9 (RLIN) 182852
852 ## - LOCALIZACIÓN
Ubicación ES-MaACL
Número de control de estantería D-6074
Sublocalización o colección R.31276
Holdings
Estatus retirado Estado de pérdida Estado de daño No para préstamo Biblioteca de origen Biblioteca actual Ubicación en estantería Fecha de adquisición Fuente de adquisición Total de préstamos Signatura topográfica completa Código de barras Visto por última vez Precio de reemplazo Tipo de ítem Koha
        Biblioteca del Ateneo de Madrid Biblioteca del Ateneo de Madrid Sala Valle Inclán 17/01/2008     D-6074 901065782 23/02/2023 23/02/2023 Libro impreso